000 00402nam a2200157Ia 4500
008 210716s2011 xx 000 0 und d
020 _a9788174469649
041 _aeng
082 _a658.3125 QUAA
100 _aQuay, Alfred S.
245 _aFacilitate continuous improvement.
250 _a2
260 _aNew Delhi
_bExcel Books
_c2011
300 _axiv,587
650 _aHuman Resource Management
999 _c207634
_d207634